Statystyki dla Pięć najpopularniejszych języków według rodziny językowej

Kliknij tutaj aby rozwiązać quiz!

Ogólne statystyki

  • Ten quiz został rozwiązany 20 razy
  • Średni wynik to 21 z 48

Statystyki odpowiedzi

Odpowiedź% Poprawnych
Francuski
94%
Hiszpański
94%
Angielski
89%
Niemiecki
89%
Polski
89%
Portugalski
89%
Rosyjski
89%
Włoski
89%
Turecki
83%
Czeski
78%
Mandaryński
78%
Ukraiński
78%
Arabski
72%
Fiński
72%
Hindi
72%
Rumuński
72%
Serbsko-chorwacki
67%
Estoński
61%
Kazachski
61%
Węgierski
61%
Szwedzki
56%
Azerski
50%
Bengalski
44%
Kantoński
39%
Niderlandzki
39%
Suahili
39%
Afrikaans
33%
Malajski
33%
Uzbecki
33%
Urdu
28%
Wu
28%
Amharski
17%
Jawajski
17%
Somalijski
17%
Hausa
11%
Igbo
11%
Pendżabski
11%
Ujgurski
11%
Cebuański
6%
Ful
6%
Hakka
6%
Joruba
6%
Marathi
6%
Min Nan
6%
Oromo
6%
Sundajski
6%
Ruanda-rundi
0%
Tagalski
0%

Rozkład punktacji

Percentyl według liczby udzielonych odpowiedzi

Procent ludzi z każdym wynikiem

Twoja historia wyników

Nie rozwiązałeś tego quizu